00700nam a2200205Ia 4500003000400000008004100004020002400045040000800069100002600077245009000103260002500193300001400218365001200232901002100244902004200265903005800307942001200365952010000377999001700477LDD181029s9999 xx 000 0 und d a8187067837c3850.00 cLDD aHeald, D. F. Deforest 0aEncyclopaedia of plant diseases in agriculture and horticulturecD. F. Deforest Heald aDelhibAsiaticc2006 axi, 247p. b3850.00 a7698b22-09-2011 aSA/D/246/2011b23-09-2011cFdS-Ae63 aDiscount-15bReqst by : S. K. Yadav  2ddccBK 00102ddc301-Apr4070998196aLDDbLDDl0oR 632.03 H347Ep081531r2018-11-01w2018-11-01yBK c98197d98197